Alle Achterbahnen des Heide Park Resort - Statistiken

Allgemein
  • Dieses Quiz wurde 161 mal gespielt
  • Das Durchschnittsergebnis liegt bei 6 aus 9
Antwortstatistiken
Hint Antwort % Korrekt
2011 Krake
92%
2001/2019 Colossos - Kampf der Giganten
90%
2014 Flug der Dämonen
87%
2007 Desert Race
76%
1999 Limit
75%
1983 Big Loop
73%
1993 Bobbahn
62%
1985 Grottenblitz
47%
2008 Indy-Blitz
41%
Keine übereinstimmenden Quizze gefunden
Verteilung der Resultate
Anzahl Personen mit jedem Resultat
Perzentil nach korrekt beantworteten Fragen
Ihre Resultats-Entwicklung
Sie haben dieses Quiz noch nicht gespielt